[Event "Saint Affrique op 22nd"]
[Site "Saint Affrique"]
[Date "2014.07.21"]
[Round "3"]
[White "Raynal, Bertille"]
[Black "Zachary, Caroline"]
[Result "0-1"]
[WhiteElo "1090"]
[BlackElo "1307"]
[PlyCount "86"]
[EventDate "2014.07.19"]
[EventType "swiss"]
[EventRounds "9"]
[EventCountry "FRA"]
[SourceTitle "CBM 161 Extra"]
[Source "ChessBase"]
[SourceDate "2014.08.29"]
[SourceVersion "1"]
[SourceVersionDate "2014.08.29"]
[SourceQuality "1"]

1. d4 d5 2. Bg5 Nf6 3. Nc3 e6 4. e3 c5 5. Nf3 Nc6 6. Ne2 Be7 7. Bxf6 Bxf6 8. a3 Qa5+ 9. b4 cxb4 10. axb4 Qxb4+ 11. Nc3 Qxc3+ 12. Nd2 0-0 13. Bd3 e5 14. 0-0 exd4 15. exd4 Qxd4 16. h3 Re8 17. Nf3 Qxa1 18. Qxa1 Bxa1 19. Rxa1 a6 20. c3 Ne5 21. Be2 Nxf3+ 22. Bxf3 Be6 23. Rc1 Rac8 24. Kf1 b5 25. Re1 g6 26. Be2 Rxc3 27. h4 d4 28. Rd1 Rd8 29. Bf3 Bc4+ 30. Be2 Bxe2+ 31. Kxe2 d3+ 32. Kf1 d2 33. Ke2 Rc2 34. Ke3 b4 35. g3 b3 36. Ke2 b2 37. f3 Rc1 38. Rxc1 dxc1Q 39. Kf2 Qc3 40. Kg2 Rd2+ 41. Kh3 Qxf3 42. h5 Qf5+ 43. Kh4 g5# 0-1